O gato das botas (Registo nº 1719)

Detalhes MARC
000 -Etiqueta do registo
Cabeçalho 00900nam a22003011 4500
005 - Identificador da versão
Campo de controlo 20240813121914.0
010 ## - Número internacional normalizado dos livros (ISBN)
Número (ISBN) 9722615793
021 ## - Número do Depósito Legal
Código do país PT
100 ## - Dados gerais de processamento
Dados gerais de processamento 20070427d1999 cd y0pory5003 ba
102 ## - Pais de publicação ou produção
País de publicação Portugal
101 1# - Língua de publicação
Língua do texto, banda sonora, etc. Português
Língua do documento no original Catalão
106 ## - Campo de dados codificados: material textual
Dados codificados do material textual r
105 ## - Campo de dados codificados: livros
Dados codificados dos livros a z 000zy
215 ## - Descrição física 
Indicação específica da natureza do documento e extensão da espécie 30 p.
Outras indicações físicas il.
Dimensões 22 cm
200 1# - Titulo e menção de responsabilidade
Título próprio O gato das botas
Primeira menção de responsabilidade adap. Mònica Bosom
Outras menções de responsabilidade il. Carme Peris, trad. Maria Alice Moura Bessa
225 2# - Colecção 
Título próprio da colecção Teatro de contos de fadas
Indicação de volume 5
210 ## - Publicação, Distribuição, etc. 
Lugar da edição, distribuição, etc. Porto
Nome do editor, distribuidor, etc. Civilização
Data da publicação, distribuição, etc. 1999
300 ## - Notas gerais 
Texto da nota Baseado no conto de Charles Perrault
606 ## - Nome comum usado como assunto
Número de registo de entrada de autoridade 0000041
Palavra de ordem Literatura portuguesa infantil
Subdivisão de assunto Teatro
675 ## - Classificação Decimal Universal (CDU)
Notação 821.134.3-2
Edição
Língua da edição por
702 #1 - Nome de autor-pessoa física (responsabilidade secundária)
Número de registo de entrada de autoridade 0000204
Palavra de ordem Peris
Outra parte do nome não tomada para palavra de ordem Carme
Código de função Ilustrador / Técnico de desenho computorizado
Número de registo de entrada de autoridade 0000088
Palavra de ordem Bessa
Outra parte do nome não tomada para palavra de ordem Maria Alice Moura
Código de função Tradutor
700 #1 - Nome de autor-pessoa física (responsabilidade principal)
Número de registo de entrada de autoridade 0000086
Palavra de ordem Bosom
Outra parte do nome não tomada para palavra de ordem Mònica
942 ## - Elementos de entrada adicionados (Koha)
Tipo de item no Koha Livro
Exemplares
Situação do levantamento Origin of item (home branch) (coded) Biblioteca de empréstimo Código de barras Cota Circulation type (not for loan) Tipo de documento Nota do exemplar Damaged status
  Biblioteca Escolar da Coca Maravilhas Biblioteca Escolar da Coca Maravilhas BECM5123/01 8EST TEA PER   Livro Sem mensagem